书目信息 |
| 题名: |
四书遇
|
|
| 作者: | 张岱 著 ;朱宏达 点校 | |
| 分册: | ||
| 出版信息: | 杭州 浙江古籍出版社 1985 |
|
| 页数: | 600页 | |
| 开本: | 20cm | |
| 丛书名: | 浙藏善本丛书 | |
| 单 册: | ||
| 中图分类: | B222.15 | |
| 科图分类: | ||
| 主题词: | 四书--研究 , 四书--人物研究 , 四书--理论研究 | |
| 电子资源: | ||
| ISBN: | ||
| 000 | 00775nam2 2200289 45 | |
| 001 | 0185000403 | |
| 005 | 20041231105258.4 | |
| 010 | @dCNY4.50 | |
| 091 | @a11347.13 | |
| 100 | @a19951006d1985 emky0chiy0121 ea | |
| 101 | 0 | @achi |
| 102 | @aCN@b330000 | |
| 105 | @af z 000yy | |
| 200 | 10 | @a四书遇@Asi shu yu@f(清)张岱著@F(Qing)Zhang Dai Zhu@g朱宏达点校 |
| 210 | @a杭州@c浙江古籍出版社@d1985 | |
| 215 | @a600页@c摹真@d20cm | |
| 225 | 2 | @a浙藏善本丛书 |
| 410 | 0 | @120010@a浙藏善本丛书 |
| 606 | 0 | @a四书@x研究 |
| 606 | @a四书@x人物研究 | |
| 606 | 0 | @a四书@x理论研究 |
| 690 | @aB222.15@v3 | |
| 701 | 0 | @a张岱@4著 |
| 702 | 0 | @a朱宏达@Azhu hong da@4点校 |
| 801 | 0 | @aCN@b深圳图书馆@c20040429 |
| 801 | 2 | @aCN@bNLC@c20040429 |
| 905 | @dB222.15@e59@f1@b169647 | |
| 四书遇/(清)张岱著/朱宏达点校.-杭州:浙江古籍出版社,1985 |
| 600页:摹真;20cm.-(浙藏善本丛书) |
| ISBN :CNY4.50 |
| ● |
| 相关链接 |
|
|
|
|
正题名:四书遇
索取号:B222.15/59
 
预约/预借
| 序号 | 登录号 | 条形码 | 馆藏地/架位号 | 状态 | 备注 |
| 1 | 0169645 | 000508178 | 密集书库/ [索取号:B222.15/59] | 在馆 | |
| 2 | 0169646 | 000506410 | 第一借阅区/ [索取号:B222.15/59] | 在馆 | |
| 3 | 0169647 | 001967884 | 密集书库/ [索取号:B222.15/59] | 在馆 | |
| 4 | 0169648 | 000508169 | 密集书库/ [索取号:B222.15/59] | 在馆 | |
| 5 | 0170505 | 002049713 | 第一样本阅览室/ [索取号:B222.15/59] | 在馆 |